TV Shows in 8 Words, Part II Quiz Stats

 Plays Quiz Updated Feb 2, 2016

Challenge
Share
Tweet
Embed
Score 0/24 Timer 07:00
2 Plays Today
Description TV Show % Correct
Severed hand and tall butler serve creepy relatives.The Addams Family
84.4%
Neighborhood inhabitants include trashcan dweller and enormous fowl.Sesame Street
81.3%
Physicists react differently to their hot blonde neighbor.The Big Bang Theory
75.7%
Temperamental Brit boots underachieving cooks from infernal restaurant.Hell's Kitchen
72.7%
Excited children, mysterious pawprints, incompetent buffoon: mystery solved!Blue's Clues
71%
West Philadelphian's life gets flipped, turned upside down.The Fresh Prince of Bel-Air
70.1%
Talking yellow rectangle befriends Southern rodent, cephalopod clarinetist.SpongeBob SquarePants
65.9%
Sweater-ed obstetrician raises his family in Brooklyn Heights.The Cosby Show
62.9%
Man wed to accented Colombian has gay son.Modern Family
60.7%
Will the forensics analyst and FBI agent date?Bones
60.5%
Uncle constantly admires hair; niece says, 'How rude.'Full House
59.1%
Nasal-voiced bridal consultant switches professions, marries employer.The Nanny
58.6%
Description TV Show % Correct
Duo solves crimes by observation, not alleged ESP.Psych
56.3%
Despite program's title, she doesn't exclusively date youngsters.Cougar Town
52.8%
Pale redhead, ousted by giant chin, hosts show.Conan
52.2%
Childish, vividly dressed creatures play. . .is one gay?Teletubbies
50.1%
German gal sends away those with ugly outfits.Project Runway
42.3%
Bowtied researcher performs Nyevana's 'Smells Like Air Pressure.'Bill Nye the Science Guy
40.7%
Two brothers fight spooks, encounter their deceased father.Supernatural
40.4%
WWII Allied POWs outsmart Germans, conduct secret operations.Hogan's Heroes
38%
Stubborn junk dealer coexists with 'big dummy' offspring.Sanford and Son
37.5%
Three female entertainment has-beens lease an Ohio home.Hot in Cleveland
35.6%
Naive gas station attendant joins Marines, annoys instructor.Gomer Pyle, U.S.M.C.
35.1%
Computer whiz-turned-CIA agent falls for partner.Chuck
29.9%

You're not logged in!

Compare scores with friends on all Sporcle quizzes.
Join for Free
OR
Log In

You Might Also Like...

Show Comments

Extras

Top Quizzes Today


Score Distribution

Your Account Isn't Verified!

In order to create a playlist on Sporcle, you need to verify the email address you used during registration. Go to your Sporcle Settings to finish the process.

Report this User

Report this user for behavior that violates our Community Guidelines.

Details: